One Country for Each Time Zone Quiz Stats

 Plays Quiz Updated Apr 25, 2018

Challenge
Share
Tweet
Embed
Score 0/40 Timer 10:00
13 Plays Today
Time Zone Country % Correct
UTC -12:00U.S. Minor Outlying Islands Only
100%
UTC -9:30French Polynesia only
99.8%
UTC +11:30Australia (Norfolk Island)
99.8%
UTC +12:45New Zealand (Chatham Islands)
99.7%
UTC -11:00United States (American Samoa), New Zealand (Niue)
98.3%
UTC +0:00UK, Burkina Faso, Ghana...
76.8%
UTC +1:00Albania, Algeria, Angola...
76.4%
UTC -5:00Bahamas, Colombia, Cuba...
75.3%
UTC -6:00Belize, Canada, Chile...
74.8%
UTC -4:00Barbados, Brazil, Dominica...
73.9%
UTC -7:00Canada, Mexico, USA
73.8%
UTC -8:00Canada, Mexico, USA
73.6%
UTC +3:00Bahrain, Belarus, Comoros...
73.5%
UTC +2:00Botswana, Bulgaria, Burundi...
72.5%
UTC -10:00United States (Hawaii, Alaska)
71.4%
UTC -9:00United States (Alaska)
70.3%
UTC +8:00Brunei, China, Russia...
68.7%
UTC +4:00Armenia, Azerbaijan, Georgia...
68%
UTC +7:00Cambodia, Laos, Mongolia...
66.4%
UTC +6:00Bangladesh, Bhutan, Kyrgyzstan...
65.8%
Time Zone Country % Correct
UTC +9:00Indonesia, Japan...
65.4%
UTC +5:00Kazakhstan, Pakistan, Tajikistan...
65.3%
UTC +10:00Micronesia, Papua New Guinea...
61.2%
UTC -3:00Argentina, Suriname
59.8%
UTC +12:00Fiji, Nauru, Tuvalu
58%
UTC -1:00Cabo Verde, Portugal (Azores)
54.7%
UTC -2:00Brazil (Fernando de Noronha)
54.3%
UTC +5:30India, Sri Lanka
51.1%
UTC +11:00Solomon Islands, Vanuatu...
50.3%
UTC -3:30Canada (Newfoundland & Labrador)
43.6%
UTC +3:30Iran (Tehran)
42.4%
UTC +5:45Nepal (Kathmandu)
38.9%
UTC +13:00Samoa, Tonga...
38.3%
UTC +10:30Australia (Lord Howe Island)
37.9%
UTC +9:30Australia
34.1%
UTC +4:30Afghanistan (Kabul)
33.7%
UTC +6:30Myanmar
33.4%
UTC +8:30North Korea
30.9%
UTC +14:00Kiribati
27.3%
UTC +8:45Australia (Eucla)
24.2%

You're not logged in!

Compare scores with friends on all Sporcle quizzes.
OR
Log In

You Might Also Like...

Show Comments

Extras

Top Quizzes Today


Score Distribution

Your Account Isn't Verified!

In order to create a playlist on Sporcle, you need to verify the email address you used during registration. Go to your Sporcle Settings to finish the process.

Report this User

Report this user for behavior that violates our Community Guidelines.

Details: